• 首页
  • 本馆介绍
  • 公告通知
  • 最新文献
  • 馆藏检索
  • 电子资源
  • 读者导购
  • 参考咨询
  • 我的图书馆
  • 登录
  • 详细信息显示
  • 放入我的书架
  • 预约/预借图书
  • 作者相关作品
  • 分类相关作品
  • 丛书相关作品
  • 出版社相关作品

书目信息

  • 表格格式
  • 工作单格式
  • 卡片格式
题名:
基础商品学
    
 
作者: 白世贞 , 牟维哲 主编
分册:  
出版信息: 北京   中国财富出版社  2014
页数: 322页
开本: 24cm
丛书名:
单 册:
中图分类: F76
科图分类:
主题词: 商品学--高等教育--教材
电子资源:
ISBN: 978-7-5047-4911-6
000 00893nam0 2200253 450
001 338460
005 20150602095852.50
010    @a978-7-5047-4911-6@dCNY42.00
100    @a20140805d2014 em y0chiy50 ea
101 0  @achi
102    @aCN@b110000
105    @aa z 000yy
106    @ar
200 1  @a基础商品学@Aji chu shang pin xue@f白世贞, 牟维哲主编
210    @a北京@c中国财富出版社@d2014
215    @a322页@c图@d24cm
300    @a“十二五”高等教育精品课程系列教材
330    @a本书共14章, 主要介绍了商品学的基础知识, 包括商品学概论知识和分论知识。概论知识包括商品及商品学概述、商品质量、商品分类等内容;分论知识包括食品商品、服装商品、日用商品等内容。
606 0  @a商品学@x高等教育@j教材
690    @aF76@v5
701  0 @a白世贞@Abai shi zhen@f(1962.10)@4主编
701  0 @a牟维哲@Amou wei zhe@c(女, @f1980)@4主编
801  0 @aCN@b卓展宏图@c20150525
905    @dF76@e39@f4
    
    基础商品学/白世贞, 牟维哲主编.-北京:中国财富出版社,2014
    322页:图;24cm
    “十二五”高等教育精品课程系列教材
    
    ISBN 978-7-5047-4911-6:CNY42.00
    本书共14章, 主要介绍了商品学的基础知识, 包括商品学概论知识和分论知识。概论知识包括商品及商品学概述、商品质量、商品分类等内容;分论知识包括食品商品、服装商品、日用商品等内容。
●
相关链接 在E读中查询图书 在五车中查询图书 在当当中查询图书 在豆瓣中查询图书


正题名:基础商品学     索取号:F76/39         预约/预借

序号 登录号 条形码 馆藏地/架位号 状态 备注
1 862271   208622711   第一样本阅览室/ [索取号:F76/39] 在馆    
2 862272   208622720   密集书库-海洋学院/ [索取号:F76/39] 在馆    
3 862273   208622739   第一借阅区/ [索取号:F76/39] 在馆    
4 862274   208622748   第一借阅区/ [索取号:F76/39] 在馆    
唐山师范学院图书馆 欢迎您!
大连网信软件有限公司© 版权所有